书目信息 |
| 题名: |
事故共和国
|
|
| 作者: | 维特 著 ;田雷 译 | |
| 分册: | ||
| 出版信息: | 上海 上海三联书店 2008.06 |
|
| 页数: | 394页 | |
| 开本: | 23cm | |
| 丛书名: | 上海三联法学文库 | |
| 单 册: | ||
| 中图分类: | D909.712 | |
| 科图分类: | ||
| 主题词: | 法制史--fa zhi shi--研究--美国 | |
| 电子资源: | ||
| ISBN: | 978-7-5426-2833-6 | |
| 000 | 01342nam 2200289 450 | |
| 001 | 012008721275 | |
| 005 | 20080902082924.10 | |
| 010 | @a978-7-5426-2833-6@dCNY48.00 | |
| 100 | @a20080901d2008 em y0chiy0120 ea | |
| 101 | 1 | @achi@ceng |
| 102 | @aCN@b310000 | |
| 105 | @ay z 000yy | |
| 106 | @ar | |
| 200 | 1 | @a事故共和国@Ashi gu gong he guo@e残疾的工人、贫穷的寡妇与美国法的重构@d= The accidental republic@ecrippled workingmen, desititute widows, and the remaking of American law@f(美) 约翰·法比安·维特著@F(mei)yue han·fa bi an·wei te zhu@g田雷译@Gtian lei yi@zeng |
| 210 | @a上海@c上海三联书店@d2008.06 | |
| 215 | @a394页@d23cm | |
| 225 | 2 | @a上海三联法学文库@Ashang hai san lian fa xue wen ku |
| 330 | @a本书所讲述的是美国工业事故的危机及其所引发的美国法改革。内容包括:工伤残疾、贫穷看、寡妇与自由劳动的危机等。 | |
| 410 | 0 | @12001 @a上海三联法学文库 |
| 500 | 10 | @aAccidental republic : crippled workingmen, desititute widows, and the remaking of American law@mChinese |
| 517 | 1 | @a残疾的工人、贫穷的寡妇与美国法的重构@Acan ji de gong ren、pin qiong de gua fu yu mei guo fa de zhong gou |
| 606 | 0 | @a法制史@Afa zhi shi@x研究@y美国 |
| 690 | @aD909.712@v4 | |
| 701 | 1 | @a维特@Awei te@g(Wittx, John Fablan)@4著 |
| 702 | 0 | @a田雷@Atian lei@4译 |
| 801 | 0 | @aCN@bQSSK@c20080902 |
| 905 | @b734408-10@dD909.712@eW538@f3 | |
| 事故共和国:残疾的工人、贫穷的寡妇与美国法的重构= The accidental republic:crippled workingmen, desititute widows, and the remaking of American law/(美) 约翰·法比安·维特著/田雷译.-上海:上海三联书店,2008.06 |
| 394页;23cm.-(上海三联法学文库) |
| ISBN 978-7-5426-2833-6:CNY48.00 |
| 本书所讲述的是美国工业事故的危机及其所引发的美国法改革。内容包括:工伤残疾、贫穷看、寡妇与自由劳动的危机等。 |
| ● |
| 相关链接 |
|
|
|
正题名:事故共和国
索取号:D909.712/W538
 
预约/预借
| 序号 | 登录号 | 条形码 | 馆藏地/架位号 | 状态 | 备注 |
| 1 | 734408 | 207344088 | 社科库509/509社科库 80排7列2层/ [索取号:D909.712/W538] | 在馆 | |
| 2 | 734409 | 207344097 | 社科库509/509社科库 80排7列2层/ [索取号:D909.712/W538] | 在馆 | |
| 3 | 734410 | 207344104 | 社科库509/509社科库 80排7列2层/ [索取号:D909.712/W538] | 在馆 |